h1

h2

h3

h4

h5
h6
000148037 001__ 148037
000148037 005__ 20260129172342.0
000148037 0247_ $$2ISSN$$a0179-079x
000148037 0247_ $$2URN$$aurn:nbn:de:hbz:82-rwth-conv-0271353
000148037 0247_ $$2HSB$$aalm70008829x
000148037 0247_ $$2OPUS$$a4432
000148037 0247_ $$2datacite_doi$$a10.18154/RWTH-CONV-027135
000148037 037__ $$aRWTH-CONV-027135
000148037 041__ $$aGerman
000148037 082__ $$a600
000148037 1001_ $$0P:(DE-82)IDM01055$$aGries, Thomas$$b0
000148037 245__ $$aKompetenznetzwerk für Faserverbundkunststoffe an der RWTH Aachen : Leichtbau pur mit neuen Werkstoffen$$honline, print
000148037 260__ $$aAachen$$bRWTH$$c2003
000148037 260__ $$c2013
000148037 3367_ $$0PUB:(DE-HGF)7$$2PUB:(DE-HGF)$$aContribution to a book
000148037 3367_ $$0PUB:(DE-HGF)16$$2PUB:(DE-HGF)$$aJournal Article$$bjournal$$mjournal
000148037 3367_ $$2DataCite$$aOutput Types/Journal article
000148037 3367_ $$00$$2EndNote$$aJournal Article
000148037 3367_ $$2BibTeX$$aARTICLE
000148037 3367_ $$2ORCID$$aJOURNAL_ARTICLE
000148037 3367_ $$2DRIVER$$aarticle
000148037 500__ $$aDruckausgabe: 2003. - Zweitveröffentlicht auf dem Publikationsserver der RWTH Aachen University 2013
000148037 591__ $$aGermany
000148037 650_7 $$2SWD$$aWerkstoffkunde
000148037 650_7 $$2SWD$$aTechnische Hochschule Aachen
000148037 653_7 $$aTechnik
000148037 653_7 $$2ger$$aWerkstofftechnik
000148037 7001_ $$0P:(DE-82)054920$$aKleba, Ingo$$b1
000148037 7001_ $$0P:(DE-82)005231$$aLinke, Markus$$b2
000148037 7001_ $$0P:(DE-82)005232$$aReimerdes, Hans-Günther$$b3
000148037 7001_ $$0P:(DE-82)041704$$aSchmachtenberg, Ernst$$b4
000148037 7001_ $$0P:(DE-82)012479$$aSchmidt, Florian$$b5
000148037 7001_ $$0P:(DE-82)045486$$aVeihelmann, Bernd$$b6
000148037 7001_ $$0P:(DE-82)006671$$aWeck, Manfred$$b7
000148037 770__ $$aSchwerpunkte und Trends in der Werkstofftechnik / hrsg. im Auftr. d. Rektors
000148037 773__ $$0PERI:(DE-600)2140738-1$$n1$$p40-42$$tRWTH-Themen : Berichte aus der Rheinisch-Westfälischen Technischen Hochschule Aachen$$v2003$$x0179-079x
000148037 7870_ $$0RWTH-CONV-111082$$iHasPart
000148037 8564_ $$uhttps://publications.rwth-aachen.de/record/148037/files/148037.pdf$$yOpenAccess
000148037 8564_ $$uhttps://publications.rwth-aachen.de/record/148037/files/148037.gif?subformat=icon$$xicon$$yOpenAccess
000148037 8564_ $$uhttps://publications.rwth-aachen.de/record/148037/files/148037.jpg?subformat=icon-180$$xicon-180$$yOpenAccess
000148037 8564_ $$uhttps://publications.rwth-aachen.de/record/148037/files/148037.jpg?subformat=icon-700$$xicon-700$$yOpenAccess
000148037 8564_ $$uhttps://publications.rwth-aachen.de/record/148037/files/148037.pdf?subformat=pdfa$$xpdfa$$yOpenAccess
000148037 909CO $$ooai:publications.rwth-aachen.de:148037$$pdnbdelivery$$popenaire$$popen_access$$purn$$pdriver$$pVDB
000148037 915__ $$0StatID:(DE-HGF)0510$$2StatID$$aOpenAccess
000148037 9201_ $$0I:(DE-82)419110_20140620$$k419110$$lLehrstuhl für Textilmaschinenbau und Institut für Textiltechnik$$x0
000148037 961__ $$c2014-11-26$$x2007-06-01$$z2012-02-20
000148037 970__ $$aalm70008829x
000148037 9801_ $$aFullTexts
000148037 980__ $$ajournal
000148037 980__ $$acontb
000148037 980__ $$aI:(DE-82)419110_20140620
000148037 980__ $$aVDB
000148037 980__ $$aUNRESTRICTED
000148037 980__ $$aConvertedRecord